| 000 -LEADER |
| fixed length control field |
02227cam a2200373 a 4500 |
| 001 - CONTROL NUMBER |
| control field |
15028918 |
| 003 - CONTROL NUMBER IDENTIFIER |
| control field |
OSt |
| 005 - DATE AND TIME OF LATEST TRANSACTION |
| control field |
20160706161305.0 |
| 008 - FIXED-LENGTH DATA ELEMENTS--GENERAL INFORMATION |
| fixed length control field |
071001s2008 inua 001 0 eng |
| 010 ## - LIBRARY OF CONGRESS CONTROL NUMBER |
| LC control number |
2007040691 |
| 015 ## - NATIONAL BIBLIOGRAPHY NUMBER |
| National bibliography number |
GBA777180 |
| Source |
bnb |
| 016 7# - NATIONAL BIBLIOGRAPHIC AGENCY CONTROL NUMBER |
| Record control number |
014015905 |
| Source |
Uk |
| 020 ## - INTERNATIONAL STANDARD BOOK NUMBER |
| International Standard Book Number |
9780470149775 (paper/website) |
| 020 ## - INTERNATIONAL STANDARD BOOK NUMBER |
| International Standard Book Number |
0470149779 (paper/website) |
| 035 ## - SYSTEM CONTROL NUMBER |
| System control number |
(OCoLC)ocn173640986 |
| 040 ## - CATALOGING SOURCE |
| Original cataloging agency |
DLC |
| Transcribing agency |
DLC |
| Modifying agency |
BAKER |
| -- |
C#P |
| -- |
YDXCP |
| -- |
VP@ |
| -- |
UKM |
| -- |
MNW |
| -- |
ALAUL |
| -- |
BTCTA |
| -- |
SINLB |
| -- |
DLC |
| 050 00 - LIBRARY OF CONGRESS CALL NUMBER |
| Classification number |
QA76.9.D37D38 2008 |
| 082 00 - DEWEY DECIMAL CLASSIFICATION NUMBER |
| Classification number |
005.74 |
| Edition number |
22 |
| 245 04 - TITLE STATEMENT |
| Title |
The data warehouse lifecycle toolkit / |
| Statement of responsibility, etc |
Ralph Kimball ... [et al.]. |
| 246 3# - VARYING FORM OF TITLE |
| Title proper/short title |
Data warehouse lifecycle toolkit : Practical techniques for building data warehouse and business intelligence systems |
| 250 ## - EDITION STATEMENT |
| Edition statement |
2nd ed. |
| 260 ## - PUBLICATION, DISTRIBUTION, ETC. (IMPRINT) |
| Place of publication, distribution, etc |
Indianapolis, IN : |
| Name of publisher, distributor, etc |
Wiley Pub., |
| Date of publication, distribution, etc |
c2008. |
| 300 ## - PHYSICAL DESCRIPTION |
| Extent |
xxxiv, 636 p. : |
| Other physical details |
ill. ; |
| Dimensions |
24 cm. |
| 500 ## - GENERAL NOTE |
| General note |
Includes index. |
| 505 0# - FORMATTED CONTENTS NOTE |
| Formatted contents note |
Introducing the Kimball lifecycle -- Launching and managing the project/program -- Collecting the requirements -- Introducing the technical architecture -- Creating the architecture plan and selecting products -- Introducing dimensional modeling -- Designing the dimensional model -- Designing the physical database and planning for performance -- Introducing extract, transformation, and load -- Designing and developing the ETL system -- Introducing business intelligence applications -- Designing and developing business intelligence applications -- Deploying and supporting the DW/BI system -- Expanding the DW/BI system. |
| 650 #0 - SUBJECT ADDED ENTRY--TOPICAL TERM |
| Topical term or geographic name as entry element |
Data warehousing. |
| 700 1# - ADDED ENTRY--PERSONAL NAME |
| Personal name |
Kimball, Ralph. |
| 856 42 - ELECTRONIC LOCATION AND ACCESS |
| Materials specified |
Publisher description |
| Uniform Resource Identifier |
<a href="http://www.loc.gov/catdir/enhancements/fy0745/2007040691-d.html">http://www.loc.gov/catdir/enhancements/fy0745/2007040691-d.html</a> |
| 856 41 - ELECTRONIC LOCATION AND ACCESS |
| Materials specified |
Table of contents only |
| Uniform Resource Identifier |
<a href="http://www.loc.gov/catdir/enhancements/fy0745/2007040691-t.html">http://www.loc.gov/catdir/enhancements/fy0745/2007040691-t.html</a> |
| 856 42 - ELECTRONIC LOCATION AND ACCESS |
| Materials specified |
Contributor biographical information |
| Uniform Resource Identifier |
<a href="http://www.loc.gov/catdir/enhancements/fy0806/2007040691-b.html">http://www.loc.gov/catdir/enhancements/fy0806/2007040691-b.html</a> |
| 906 ## - LOCAL DATA ELEMENT F, LDF (RLIN) |
| a |
7 |
| b |
cbc |
| c |
orignew |
| d |
1 |
| e |
ecip |
| f |
20 |
| g |
y-gencatlg |
| 942 ## - ADDED ENTRY ELEMENTS (KOHA) |
| Source of classification or shelving scheme |
|
| Koha item type |
Book |